Mechanics of materials (Record no. 3297)

000 -LEADER
fixed length control field 00538nam a2200217 i 4500
001 - CONTROL NUMBER
control field 3297
003 - CONTROL NUMBER IDENTIFIER
control field BD-DhUET
008 - FIXED-LENGTH DATA ELEMENTS--GENERAL INFORMATION
fixed length control field 800828s1981 nyua 001 0 eng
020 ## - INTERNATIONAL STANDARD BOOK NUMBER
International Standard Book Number 0070661782
020 ## - INTERNATIONAL STANDARD BOOK NUMBER
International Standard Book Number 0070042845
040 ## - CATALOGING SOURCE
Original cataloging agency DLC
Transcribing agency DLC
Modifying agency BD-DhUET
082 00 - DEWEY DECIMAL CLASSIFICATION NUMBER
Classification number 620.11
Item number BEE/1981
100 ## - MAIN ENTRY--PERSONAL NAME
Personal name Beer, Ferdinand P.
245 10 - TITLE STATEMENT
Title Mechanics of materials
250 ## - EDITION STATEMENT
Edition statement 1st ed.
260 ## - PUBLICATION, DISTRIBUTION, ETC. (IMPRINT)
Place of publication, distribution, etc. Auckland
Name of publisher, distributor, etc. McGraw-Hill
Date of publication, distribution, etc. 1981
300 ## - PHYSICAL DESCRIPTION
Extent xv, 616 p.
Other physical details il
650 #0 - SUBJECT ADDED ENTRY--TOPICAL TERM
Topical term or geographic name as entry element Strength of materials
700 1# - ADDED ENTRY--PERSONAL NAME
Personal name Johnston, E. Russell
942 ## - ADDED ENTRY ELEMENTS (KOHA)
Koha item type General Book
Holdings
Withdrawn status Shelving location Not for loan Date acquired Piece designation (barcode) Source of classification or shelving scheme Price effective from Lost status Sublocation or collection (holding branch) Koha issues (times borrowed) Koha date last borrowed Koha item type Koha normalized classification for sorting Damaged status Location (home branch) Koha renewals Koha full call number Koha date last seen Copy number
 Circulation section 2014-10-2559574 2014-10-25 Central Library, BUET32025-04-29General Book620_110000000000000_BEE_1981 Central Library, BUET 620.11/BEE/19812025-05-131
 Circulation section 2015-01-1986676 2015-01-19 Central Library, BUET52021-12-12General Book620_110000000000000_BEE_1981 Central Library, BUET 620.11/BEE/19812025-04-222
 Circulation section 2015-04-1959568 2015-04-19 Central Library, BUET12018-05-13General Book620_110000000000000_BEE_1981 Central Library, BUET 620.11/BEE/19812018-05-193
 Circulation section 2015-04-1959565 2015-04-19 Central Library, BUET  General Book620_110000000000000_BEE_1981 Central Library, BUET 620.11/BEE/19812015-04-195
 Reading section 2015-06-1684611 2015-06-16 Central Library, BUET  General Book620_110000000000000_BEE_1981 Central Library, BUET 620.11/BEE/19812015-06-166
 Reading section 2015-07-0659560 2015-07-06 Central Library, BUET  Rental Item620_110000000000000_BEE_1981 Central Library, BUET 620.11 BEE/19812015-07-067